000
00452nam a2200169Ia 4500
008
090711s9999 xx 000 0 und d
082
_b
74040
100
_a
प्रभावळकर दिलीप
245
_a
झूम
260
_c
1994
300
_a
128
600
_a
प्रभावळकर दिलीप
630
_a
झूम
700
_a
प्रभावळकर दिलीप
730
_a
झूम
942
_c
BOOK
999
_c
308316
_d
308316